| 000 | 00590nam a2200193 4500 | ||
|---|---|---|---|
| 001 | 136901 | ||
| 003 | ES-MaACL | ||
| 005 | 20231230063004.0 | ||
| 007 | t| | ||
| 008 | 070214s1959 sp r ||||1| spa d | ||
| 100 | 1 |
_aSainz de Robles, Federico Carlos, _d1898-1982 _9101593 |
|
| 245 | 1 | 3 |
_aEl monje, el tiempo y la serpiente _b: (fábulas sobre hombres) / _cCarlos Sainz de Robles. |
| 260 |
_aMadrid : _bAguilar, _c1959. |
||
| 300 |
_a207 p. ; _c20 cm. |
||
| 490 | 1 | _aCol. Literaria | |
| 830 | 0 |
_aCol. Literaria _9187024 |
|
| 852 |
_aES-MaACL _jC-16216 _bR.44068 |
||
| 999 |
_c136901 _d136901 |
||